Aircraft performance; (Record no. 317843)

000 -LEADER
fixed length control field 00208 a2200097 4500
001 - CONTROL NUMBER
control field 82770
090 ## - LOCALLY ASSIGNED LC-TYPE CALL NUMBER (OCLC); LOCAL CALL NUMBER (RLIN)
-- 39987
-- 39987
100 ## - MAIN ENTRY--PERSONAL NAME
Personal name Saarlas, Maido
245 ## - TITLE STATEMENT
Title Aircraft performance;
260 ## - PUBLICATION, DISTRIBUTION, ETC.
Place of publication, distribution, etc. NJ
Name of publisher, distributor, etc. John Wiley, NJ
Date of publication, distribution, etc. 2007
942 ## - ADDED ENTRY ELEMENTS (KOHA)
Institution code [OBSOLETE] NUST-CAE
Holdings
Withdrawn status Lost status Damaged status Not for loan Collection code Permanent Location Current Location Date acquired Total Checkouts Barcode Date last seen Price effective from Koha item type
          College of Aeronautical Engineering (CAE) College of Aeronautical Engineering (CAE) 04/03/2017   CAE79259 04/05/2017 04/05/2017 Book
© 2023 Central Library, National University of Sciences and Technology. All Rights Reserved.